banner-ar

GDR - CULTURE MOSAIC / (Record no. 15293)

MARC details
000 -الفاتح
حقل البيانات ثابتة الطول 00470nam a2200205Ia 4500
040 ## - مصدر الفهرسة
وكالة الفهرسة الأصلية GCL /
وكالة النسخ GCL
082 04 - رقم تصنيف ديوى العشرى
رقم التصنيف 738.5
رقم المادة R G
100 1# - المدخل الرئيسى - إسم شخصى
الإسم الشخصى RODEL, WERNER
245 10 - بيان العنوان
العنوان GDR - CULTURE MOSAIC /
بيان المسئوليه,etc RODEL, WERNER
700 1# - المدخل الاضافى - اسم شخصى
الإسم الشخصى KAHLE, MANFRED
260 ## - PUBLICATION, DISTRIBUTION, ETC. (IMPRINT)
تاريخ النشر أو التوزيع 1966
300 ## - الوصف المادى
التعداد 95 P
650 04 - المدخل الاضافى بالموضوع-مصطلح موضوعى
مصطلح موضوعي LITERATURE
650 04 - المدخل الاضافى بالموضوع-مصطلح موضوعى
مصطلح موضوعي DRAWING
650 04 - المدخل الاضافى بالموضوع-مصطلح موضوعى
مصطلح موضوعي MOSAICS
650 04 - المدخل الاضافى بالموضوع-مصطلح موضوعى
مصطلح موضوعي MUSIC
650 04 - المدخل الاضافى بالموضوع-مصطلح موضوعى
مصطلح موضوعي FILMS
942 ## - عناصر المدخل الإضافي( كوها)
مصدر التصنيف او مخطط الترفيف Dewey Decimal Classification
Koha [default] item type كتاب
260 ## - PUBLICATION, DISTRIBUTION, ETC. (IMPRINT)
-- [S.N] :
-- VERLAG ZEIT IM BILD DRESDEN ،
Holdings
حالة التراجع حالة الفقد حالة تلف ليس للاعارة المكان المؤقت الموقع الحالى تاريخ الاكتساب اجمالي اﻻعارات رقم الطلب الباركود تاريخ اخر مشاهدة تاريخ تفعيل السعر نوع وعاء كوها
        مكتبة القاهرة الكبرى مكتبة القاهرة الكبرى 03/26/2014   738.5\R G 28365 03/26/2014 03/26/2014 كتاب

Powered By

EGPV